00614nam a2200169Ia 4500008004100000020001800041041000800059082001600067100001900083245012500102250000600227260003000233300001200263650002200275999001900297952012800316210716s2007 xx 000 0 und d a9788131210413 aeng a004.65 SEAC aSeagren, Eric. aSecure your network for free: using nmap wireshark snort nessus and mrtg.bUsing nmap wireshark snort nessus and mrtg. a1 aNew DelhibElsevierc2007 axiv,493 aComputer Networks c189067d189067 001040708MCAaAIMITbAIMITeAthulya Booksg395.00l0o004.65 SEACpMCA08575r2025-07-21 00:00:00v308.10w2021-07-16yBK